Risk? Zisk! Rozpisy na čiselné lotérie

Bibliographic Details
Main Author: Cibula, Dušan (Author)
Format: Book
Language:Slovak
PhysicalDescription:35 s. rekl., tab. 21x15 cm
Published: Bratislava C.I.D. - Vydavateľská, reklamná, propagačná, hudobná agentúra [1995]
Subjects:

MARC

LEADER 00000nam a2200000 a 4500
001 vtls001250254
003 SK-MaSNL
005 20260301050056.0
008 240314s1995 xo a y 0 slo
015 |a SNBE1996/01-00250 
020 |c 35,00 Sk 
035 |a SNK000201073 
040 |a SNK  |b slo  |c SNK  |e AACR2 
041 0 |a slo 
044 |a xo  |c SK 
080 |a 336.789:794.93(083.9)  |2 1981 
080 |a 794.93  |2 1981 
100 1 |a Cibula, Dušan  |4 aut  |9 43172 
245 1 0 |a Risk? Zisk! Rozpisy na čiselné lotérie  |c Dušan Cibula 
260 |a Bratislava  |b C.I.D. - Vydavateľská, reklamná, propagačná, hudobná agentúra  |c [1995] 
300 |a 35 s.  |b rekl., tab.  |c 21x15 cm 
650 0 7 |a lotérie  |2 SNKPH  |9 3302 
655 7 |a informačné publikácie  |2 SNKPH  |9 70181 
958 |a TL 
958 |a BQ 
999 |c 600091  |d 602021 
952 |t P60, <04>, [BOOK], {604}  |a SNK  |b SNK  |y VYP  |7 0  |p 17A0035534  |o snkOSC 18278 D1  |0 0  |1 0  |4 0  |d 1997-02-06  |l 0  |r 2005-01-01 00:00:00  |w 2026-02-23